Neurociencia para el estudio de las alteraciones de la comunicación

Guardat en:
Dades bibliogràfiques
Autors principals: Bhatnagar, Subhash C (Autor), Andy, Orlando J (Autor)
Format: Llibre
Idioma:espanyol
Publicat: Barcelona Masson 1997
Matèries:
Etiquetes: Afegir etiqueta
Sense etiquetes, Sigues el primer a etiquetar aquest registre!

MARC

LEADER 00000nam a2200000 a 4500
001 UCQ9656
003 CL-VaPUC
008 990112e19970000SP |||||||||||||||||spa|d
082 0 4 |a 616.8  |b BHA  |2 21 
100 0 |a Bhatnagar, Subhash C  |e author  |9 424344 
700 0 |a Andy, Orlando J  |e author  |9 424345 
245 1 0 |a Neurociencia para el estudio de las alteraciones de la comunicación 
300 |a 441 p 
942 |c BK 
945 |d 19990112 00:00:00  |a aarredon 
260 |a Barcelona  |b Masson  |c 1997 
650 0 |a Neurociencias  |9 424346 
650 0 |a Comunicación   |9 257251 
650 0 |a Sistema nervioso  |9 266815 
650 0 |a Aprendizaje   |9 254827 
650 0 |a Médula espinal  |9 369352 
650 7 |a CORTEZA CEREBRAL  |2 CL-VaPUC  |9 389609 
650 0 |a Lenguaje   |9 265069 
650 7 |a HABLA  |2 CL-VaPUC  |9 311668 
650 0 |a Sistema nervioso central  |9 312521 
650 0 |a Cerebelo  |9 343853 
583 |a last modification  |c 19990112 00:00:00  |k Rodrigo Vera 
999 |c 278644  |d 278642 
952 |0 0  |1 0  |4 0  |6 616_800000000000000_BHA_1997  |7 0  |8 A  |9 317328  |a BIBEDU  |b BIBEDU  |d 2019-11-20  |i 3494713  |o 616.8 BHA 1997  |p 3494713  |r 2019-11-20  |w 2019-11-20  |y BK  |k BME